000 00762nam a22002057a 4500
005 20221104124335.0
008 180626b1992 mx ||||| |||| 00| 0 spa d
020 _a9687212047
020 _a9687212039 (apéndice)
050 0 4 _aKGF5416
_bC37 1992
100 1 _aCastro Zavaleta, Salvador
_eautor
240 0 0 _aLeyes y códigos.
245 1 0 _a75 años de jurisprudencia penal mexicana
_b: 1917-1991 Suprema Corte de Justicia y Tribunales Colegiados de Circuito
_c/ Salvador Castro Zavaleta
250 _a1a ed.
260 _aMéxico :
_bOrlando Cardenas Editor,
_cc1992
300 _a4 t. ;
_c24 cm.
650 7 _2lemb
_aJurisprudencia penal
_zMéxico
710 2 _aMéxico.
_bSuprema Corte de Justicia y Tribunales Colegiados de Circuito
942 _2lcc
_cLIB
999 _c142155
_d142153